| 000 | 00738nam a2200229Ia 4500 | ||
|---|---|---|---|
| 005 | 20230103140114.0 | ||
| 008 | 210716s2011 xx 000 0 und d | ||
| 020 | _a9789339213053 | ||
| 040 | _cAIMIT LIBRARY | ||
| 041 | _aeng | ||
| 082 |
_a658.15 _27 _bKHAM |
||
| 100 |
_aKhan, M Y. _968184 |
||
| 245 |
_aFinancial management : _btext problems and cases / _cBy M Y Khan and P K Jain. |
||
| 250 | _a7th ed. | ||
| 260 |
_aNew Delhi : _bTata Mc Graw Hill Publishing Company , _c2011. |
||
| 300 |
_axxi,36.45,A-10p. ; _bPB _c23 cm. |
||
| 650 |
_aTime value of money _968185 |
||
| 650 |
_aRisk and return _968186 |
||
| 650 |
_aBudgeting and profit planning _968187 |
||
| 700 |
_aJain, P K. _968188 |
||
| 942 |
_2ddc _cBK _e7th _k658.15 KHAM |
||
| 999 |
_c210039 _d210039 |
||